000 00744nam a2200241 i 4500
001 bg
100 1 _aJAMKA, Maciej
245 1 0 _aGeodezja inżynieryjna :
_bpodręcznik dla studentów wyższych szkół technicznych /
_cMaciej Jamka, Leszek Zielina ; Politechnika Krakowska im. Tadeusza Kościuszki.
260 _aKraków :
_bPK,
_c2001.
300 _a208 s. :
_bil. ;
_c24 cm.
504 _aBibliogr.
650 9 _aGeodezja
655 _aPodręczniki akademickie
700 1 _aZIELINA, Leszek
710 0 _aPolitechnika Krakowska im. Tadeusza Kościuszki
020 _a8372421706
040 _cBPK
041 0 _apl
080 _a528(075.8)
920 _a83-7242-170-6
942 _cKS
008 s pl f |000 0 pol
999 _c40599
_d40599
856 _uhttp://koha.tu.koszalin.pl/cgi-bin/koha/opac-detail.pl?biblionumber=40599
_yKatalog online BPK